[Event "Toscolano op"]
[Site "Toscolano"]
[Date "1997.??.??"]
[Round "?"]
[White "Efimov, Igor"]
[Black "Medancic, Rikard"]
[Result "1-0"]
[WhiteElo "2530"]
[BlackElo "2305"]

1.Nf3 d5 2.c4 c6 3.b3 Bg4 4.Bb2 Nd7 5.e3 Ngf6 6.Be2 e6 7.O-O Be7 8.d3 O-O
9.Nbd2 Bd6 10.a3 a5 11.d4 Qe7 12.c5 Bc7 13.b4 Ne4 14.Nxe4 dxe4 15.Nd2 Bxe2
16.Qxe2 f5 17.b5 cxb5 18.Qxb5 Nf6 19.g3 Qf7 20.Qe2 Qg6 21.Nc4 h5 22.Bc3 Nd5
23.Bd2 b5 24.cxb6 Bxb6 25.Ne5 Qe8 26.f3 exf3 27.Nxf3 Nf6 28.Rab1 Rb8 29.Rfc1 Ne4
30.Be1 Qa4 31.Qa2 Kh7 32.Rc4 Qd7 33.Ne5 Qd5 34.Qe2 Kh6 35.Rbc1 Rb7 36.h4 Nf6
37.Qf3 Qxf3 38.Nxf3 Re8 39.Rc6 Bd8 40.Ng5 e5 41.Bc3 exd4 42.Bxd4 Kg6 43.Ra6 f4
44.gxf4 Kf5 45.Kf2 Rb3 46.Kf3 Rxa3 47.Ne6 Rg8 48.Rc8 Ne4 49.Rxd8  1-0

[Event "Jarleslaget op"]
[Site "Trondheim"]
[Date "1997.??.??"]
[Round "8"]
[White "Andersen, Ole Bo"]
[Black "Madsen, Dag"]
[Result "1/2-1/2"]
[WhiteElo "2210"]
[BlackElo "2265"]

1.Nf3 d5 2.c4 c6 3.d4 e6 4.Qc2 Nf6 5.g3 dxc4 6.Qxc4 b5 7.Qd3 Nbd7 8.Bg2 Bb7
9.O-O a6 10.Rd1 c5 11.dxc5 Bxc5 12.e3 O-O 13.b3 Be4 14.Qe2 Qb6 15.Nc3 Bc6
16.Bb2 Qb7 17.Rac1 Rfd8 18.Nb1 Rac8 19.Ne1 Bxg2 20.Nxg2 Be7 21.Nd2 Nc5  1/2-1/2

[Event "Ubeda op"]
[Site "Ubeda"]
[Date "1997.??.??"]
[Round "1"]
[White "Ivanov, Jordan"]
[Black "Giorgadze, Giorgi"]
[Result "0-1"]
[WhiteElo "2365"]
[BlackElo "2595"]

1.Nf3 d5 2.c4 e6 3.e3 Nf6 4.b3 Be7 5.Bb2 O-O 6.Be2 b6 7.O-O Bb7 8.Nc3 Nbd7
9.Rc1 a6 10.cxd5 exd5 11.Qc2 Bd6 12.Nd4 g6 13.f4 c5 14.Nf3 Re8 15.f5 d4 16.fxg6 hxg6
17.Bc4 Kg7 18.exd4 cxd4 19.Ne2 Bxf3 20.Rxf3 Rc8 21.Nxd4 b5 22.Nf5+ gxf5 23.Qxf5 Re5
24.Bxe5 Nxe5 25.Qg5+ Ng6 26.Rcf1 Be5 27.Be2 Qd6 28.Kh1 Rc2 29.Bd3 Rxa2 30.Bxg6 fxg6
31.Re3 Ra1 32.Rxa1 Bxa1 33.d3 Bd4 34.Rg3 Nh5 35.Rg4 Kh7 36.h4 Bf2  0-1

[Event "Ubeda op"]
[Site "Ubeda"]
[Date "1997.??.??"]
[Round "2"]
[White "Wohl, Aleksandar H"]
[Black "Filippov, Valerij"]
[Result "0-1"]
[WhiteElo "2425"]
[BlackElo "2510"]

1.Nf3 d5 2.c4 dxc4 3.Na3 a6 4.Nxc4 b5 5.Ne3 Bb7 6.g3 Nf6 7.Bg2 e6 8.a4 Nbd7
9.O-O c5 10.d3 Be7 11.Qb3 Rb8 12.axb5 axb5 13.Bd2 O-O 14.Bc3 Bd6 15.Rfe1 Re8
16.Ba5 Qe7 17.Bd2 Nd5 18.Ra5 Bc6 19.Rea1 N7b6 20.Qc2 Rec8 21.Ng4 Be8 22.Ra7 Rb7
23.Rxb7 Qxb7 24.e4 Nb4 25.Qb1 Be7 26.Bxb4 cxb4 27.Qd1 Qc7 28.Ne3 Na4 29.Qe2 b3
30.d4 b4 31.d5 Bf6 32.dxe6 Bxb2 33.Nd5 Qc4 34.exf7+ Kxf7 35.Ng5+ Kg8 36.Qg4 Bxa1
37.Bf1 Qc5 38.Ne7+ Qxe7 39.Qxc8 Nb6 40.Bc4+ Nxc4 41.Qxc4+ Kh8 42.Qxb3 Qxg5
43.Qxb4 Qf6  0-1

[Event "JUG Cup"]
[Site "Ulcinj"]
[Date "1997.??.??"]
[Round "?"]
[White "Vukanovic, Sasa"]
[Black "Abramovic, Bosko"]
[Result "0-1"]
[WhiteElo "2380"]
[BlackElo "2505"]

1.Nf3 d5 2.c4 e6 3.g3 dxc4 4.Bg2 Nd7 5.Qc2 a6 6.O-O Ngf6 7.a4 Nd5 8.Qxc4 b6
9.Nc3 Bb7 10.Nxd5 Bxd5 11.Qc3 c5 12.d3 Nf6 13.e4 Bb7 14.Be3 Rc8 15.Ne5 Be7
16.Qb3 O-O 17.Nc4 Nd7 18.Bf4 Re8 19.Rfd1 g5 20.Bd6 Bf6 21.e5 Bxg2 22.exf6 Ba8
23.Be7 Qc7 24.d4 Qc6 25.f3 Qxf3 26.Qxf3 Bxf3 27.Rd2 cxd4 28.Rxd4 e5 29.Rxd7 Rxc4
30.Kf2 g4 31.a5 Rc2+ 32.Ke3 Rxb2 33.axb6 Rxb6 34.Ra5 Rb3+ 35.Rd3 Rb5 36.Rxa6 h5
37.h3 Kh7 38.hxg4 hxg4 39.Rad6 Kg6 40.Rd8 Rxd8 41.Bxd8 Kf5 42.Be7 Rb1 43.Rd2 Rg1
44.Rh2 Rxg3 45.Kf2 Kf4 46.Bd6 Rh3  0-1

[Event "AUT-chT9697"]
[Site "Vorarlberg"]
[Date "1997.??.??"]
[Round "?"]
[White "Mittelberger, Hermann"]
[Black "Christen, Markus"]
[Result "1-0"]
[WhiteElo "1845"]
[BlackElo "1785"]

1.Nf3 d5 2.c4 c6 3.b3 Bf5 4.Bb2 f6 5.e3 e5 6.d4 e4 7.Nfd2 Be6 8.Nc3 Bb4 9.a3 Ba5
10.b4 Bc7 11.Qb3 Ne7 12.cxd5 cxd5 13.Ndxe4 Bf7 14.Bb5+ Kf8 15.Nc5 a6 16.Be2 b6
17.Nd3 g5 18.b5 a5 19.a4 h5 20.Ba3 Bd6 21.Bxd6 Qxd6 22.O-O Nd7 23.Rac1 Kg7
24.Rfe1 f5 25.f4 Rag8 26.fxg5 Kf8 27.Nf4 Rxg5 28.Bf3 Nf6 29.Rc2 h4 30.Nce2 h3
31.g3 Rhg8 32.Nxh3 Rxg3+ 33.hxg3 Rxg3+ 34.Bg2 Ng4 35.Nxg3 Qxg3 36.Qc3 Ng6
37.Nf2 Nh4 38.Nxg4 fxg4 39.Rf2 Nf3+ 40.Kf1 Bg6 41.Qc8+ Kg7 42.Qd7+ Kh6 43.Qxd5 Bd3+
44.Ree2 Bxe2+ 45.Kxe2  1-0

[Event "Walsall op"]
[Site "Walsall"]
[Date "1997.??.??"]
[Round "1"]
[White "Rowson, Jonathan"]
[Black "Grinsell, Lee A"]
[Result "1-0"]
[WhiteElo "2445"]
[BlackElo "2205"]

1.Nf3 d5 2.c4 e6 3.e3 Nf6 4.b3 Nbd7 5.Bb2 Be7 6.cxd5 exd5 7.Be2 O-O 8.d3 Re8
9.Nbd2 c6 10.a3 Nf8 11.O-O Ng6 12.b4 Bd6 13.Re1 Ng4 14.h3 N4e5 15.Bf1 Nxf3+
16.Nxf3 Nh4 17.e4 Nxf3+ 18.Qxf3 dxe4 19.dxe4 Be5 20.Bxe5 Rxe5 21.Rad1 Qe7
22.Qc3 Rh5 23.f4 Bd7 24.f5 Re8 25.Qd4 Bc8 26.Qxa7 Rh4 27.Qe3 h6 28.g3 Rh5
29.Qf3 g6 30.h4 b6 31.Bc4 Kh7 32.Rf1  1-0

[Event "Walsall op"]
[Site "Walsall"]
[Date "1997.??.??"]
[Round "2"]
[White "Kelly, Bryan"]
[Black "Dunnington, Angus J"]
[Result "1/2-1/2"]
[WhiteElo "2400"]
[BlackElo "2445"]

1.Nf3 d5 2.c4 e6 3.d4 dxc4 4.e3 a6 5.Bxc4 c5 6.O-O Nf6 7.Qe2 b5 8.Bb3 Bb7
9.a4 b4 10.dxc5 Nbd7 11.c6 Bxc6 12.Nbd2 Qc7 13.h3 Bc5 14.Nc4 O-O  1/2-1/2

[Event "Warsaw-ch"]
[Site "Warsaw"]
[Date "1997.??.??"]
[Round "9"]
[White "Adamski, Jan"]
[Black "Ehrenfeucht, Wojciech"]
[Result "0-1"]
[WhiteElo "2405"]
[BlackElo "2290"]

1.Nf3 d5 2.c4 d4 3.e3 Nc6 4.b4 dxe3 5.fxe3 Nxb4 6.d4 e6 7.a3 Nc6 8.Bd3 Nf6
9.Nbd2 Be7 10.Bb2 O-O 11.O-O Na5 12.Qc2 c5 13.Ne5 cxd4 14.exd4 Nc6 15.Ndf3 h6
16.Rad1 Qc7 17.Qe2 b6 18.Nxc6 Qxc6 19.Kh1 Qc7 20.Ne5 Bb7 21.Rde1 Rfe8 22.Qf2 Bd6
23.Qh4 Bxe5 24.Rxe5 Nd7 25.Ree1 Nf8 26.Qg4 Rad8 27.d5 f5 28.Qd4 exd5 29.cxd5 Rxe1
30.Rxe1 Bxd5 31.Qe3 f4 32.Qe2 Qb7 33.Kg1 Bxg2 34.Bc4+ Bd5 35.Rd1 Qc6 36.Bxd5+ Rxd5
37.Rc1 Qe6 38.Qxe6+ Nxe6 39.Rc8+ Kf7 40.Ra8 Rd7  0-1

[Event "Wuerttemberg-ch"]
[Site "Willsbach"]
[Date "1997.??.??"]
[Round "1"]
[White "Gritsch, Gabriel"]
[Black "Namyslo, Holger"]
[Result "1-0"]
[WhiteElo "2050"]
[BlackElo "2290"]

1.Nf3 d5 2.c4 e6 3.g3 Nf6 4.b3 Be7 5.Bg2 O-O 6.O-O b6 7.Bb2 Bb7 8.e3 c5 9.Qe2 dxc4
10.bxc4 Nbd7 11.Nc3 Rc8 12.Rfd1 Qc7 13.d4 cxd4 14.exd4 Qxc4 15.Qxc4 Rxc4
16.Ne5 Rc7 17.Nb5 Rc2 18.Ba3 Bxg2 19.Bxe7 Rfc8 20.Kxg2 Nxe5 21.dxe5 Ng4 22.Nxa7 Re8
23.Rd8 Rxd8 24.Bxd8 Rxf2+ 25.Kg1 Rb2 26.a4 Nxe5 27.Ra3 f6 28.Nb5 Kf7 29.Bc7 Rb1+
30.Kg2 Rb2+ 31.Kg1 Rb1+ 32.Kf2 Rb2+ 33.Ke1 Nd7 34.h4 h5 35.Kd1 g5 36.Kc1 Rb4
37.hxg5 fxg5 38.Bd6 Rc4+ 39.Kb2 Kg6 40.Kb3 Rc6 41.Ra2 e5 42.Re2 Kf6 43.Rf2+ Ke6
44.Rh2 Nf6 45.Re2 Rxd6 46.Nxd6 Kxd6 47.Kc4 Ke6 48.Rb2 Nd7 49.Rh2 Kf5 50.Rxh5 e4
51.Rh1 Kg4 52.Rd1 Ne5+ 53.Kd4 Nd3 54.Rb1 Nc5 55.Rxb6 Nxa4 56.Rb4 Nc5 57.Kxc5 Kf3
58.Rb3+  1-0

[Event "Wuerttemberg-ch"]
[Site "Willsbach"]
[Date "1997.??.??"]
[Round "2"]
[White "Gritsch, Gabriel"]
[Black "Schoof, Martin"]
[Result "0-1"]
[WhiteElo "2050"]
[BlackElo "2310"]

1.Nf3 d5 2.c4 dxc4 3.Na3 c5 4.Nxc4 Nc6 5.g3 g6 6.Bg2 Bg7 7.O-O Nh6 8.d3 O-O
9.Be3 Nd4 10.Nxd4 cxd4 11.Bd2 Nf5 12.Rc1 Nd6 13.Ba5 Qd7 14.Nxd6 Qxd6 15.Bc7 Qb4
16.Qb3 Qxb3 17.axb3 a5 18.Rc5 Bg4 19.Bxb7 Bxe2 20.Bxa8 Bxf1 21.Kxf1 Rxa8
22.Bxa5 e5 23.b4 f5 24.f3 Kf7 25.Ke2 h5 26.h3 Ra6 27.g4 hxg4 28.hxg4 Ke6
29.Kd2 Bf8 30.Rc8 Be7 31.Kc2 Kd5 32.Kb3 fxg4 33.fxg4 Rf6 34.b5 Rf3 35.b6 Rxd3+
36.Kc2 Rf3 37.b7 d3+ 38.Kd1 Bd6 39.Bc7 Bb4 40.Rd8+ Ke4 41.Rxd3 Kxd3  0-1

[Event "Wuerttemberg-ch"]
[Site "Willsbach"]
[Date "1997.??.??"]
[Round "6"]
[White "Wartlick, Karl"]
[Black "Namyslo, Holger"]
[Result "1-0"]
[WhiteElo "2035"]
[BlackElo "2290"]

1.Nf3 d5 2.c4 e6 3.g3 Nf6 4.Bg2 Be7 5.O-O O-O 6.d4 dxc4 7.Qc2 a6 8.Qxc4 b5
9.Qc2 Bb7 10.Bd2 Be4 11.Qc1 b4 12.a3 a5 13.axb4 axb4 14.Rxa8 Bxa8 15.Bg5 Nbd7
16.Nbd2 h6 17.Be3 Nd5 18.Nb3 Nxe3 19.Qxe3 Nb6 20.Rc1 Bd5 21.Qd3 f5 22.Ne5 Bxg2
23.Kxg2 Bd6 24.Nc5 Qa8+ 25.Qf3 Qa2 26.Ned3 Rf6 27.e3 Nd5 28.Qd1 Qa8 29.Kg1 g5
30.Ra1 Qe8 31.Qa4 Qxa4 32.Rxa4 f4 33.e4 Nb6 34.Rxb4 fxg3 35.hxg3 Rf3 36.Ne1 Rf8
37.Rb3 e5 38.Ne6 Ra8 39.d5 Nc4 40.f3 Ra1 41.Kf2 Rd1 42.Rd3 Rb1 43.Rb3 Rxb2+
44.Rxb2 Nxb2 45.g4 Kf7 46.Ke2 Ke7 47.Ng7 Kf7 48.Nf5 Kg6 49.Ng3 Na4 50.Kd3 Bb4
51.Nc2 Nb2+ 52.Ke2 Bc5 53.Na1 Kf7 54.Nb3 Bf8 55.Kd2 Na4 56.Kd3 Nb6 57.Na5 Nc8
58.Nc6 Bd6 59.Kc4 Nb6+ 60.Kb5 Nd7 61.Nd8+ Ke8 62.Nb7 Be7 63.Kc6 Bd8 64.Nxd8 Kxd8
65.d6 cxd6 66.Kxd6 Nf8 67.Kxe5 Ng6+ 68.Kf6 Nh4 69.e5 Nxf3 70.e6 Nd4 71.e7+ Ke8
72.Nh5  1-0

[Event "SVK-ch U16"]
[Site "Zilina"]
[Date "1997.??.??"]
[Round "?"]
[White "Banas, Kamil"]
[Black "Vavrak, Peter"]
[Result "0-1"]
[WhiteElo "2045"]
[BlackElo "2170"]

1.Nf3 d5 2.c4 c6 3.g3 Nf6 4.Bg2 e6 5.cxd5 exd5 6.O-O Bd6 7.b3 O-O 8.Bb2 Re8
9.Re1 Bf5 10.d3 Nbd7 11.Qc2 Ne5 12.Nbd2 Nxf3+ 13.Bxf3 Be5 14.e4 Bxb2 15.Qxb2 Bg4
16.e5 Bxf3 17.Nxf3 Nd7 18.d4 a5 19.Rac1 Nf8 20.Nh4 Qg5 21.f4 Qg4 22.Qe2 Qxe2
23.Rxe2 Ne6 24.Nf3 g6 25.Kf2 Rac8 26.Ke3 b6 27.Rec2 c5 28.g4 f6 29.f5 gxf5
30.dxc5 Nxc5 31.gxf5 fxe5 32.Rg2+ Kf8 33.Rcg1 d4+ 34.Kd2 Ne4+ 35.Kd1 Nf6
36.Ng5 Re7 37.Ne6+ Ke8 38.Rd2 Kd7 39.Nxd4 exd4 40.Rxd4+ Ke8 41.Kd2 Rd8 42.Kd3 Rxd4+
43.Kxd4 Re4+ 44.Kd3 Re5  0-1

[Event "Pamplona 9798"]
[Site "Pamplona"]
[Date "1998.01.02"]
[Round "6"]
[White "Strikovic, Aleksa"]
[Black "Arizmendi Martinez, Julen Luis"]
[Result "1-0"]
[WhiteElo "2560"]
[BlackElo "2470"]

1.Nf3 d5 2.c4 c6 3.b3 Bf5 4.Bb2 e6 5.g3 Nf6 6.Bg2 Be7 7.O-O O-O 8.d3 h6 9.Nbd2 Nbd7
10.a3 a5 11.Qc2 Bh7 12.Bc3 b5 13.cxb5 cxb5 14.b4 axb4 15.axb4 Nb6 16.Nd4 Qd7
17.N2f3 Na4 18.Bd2 Rfc8 19.Qb3 Bd6 20.Rfc1 Rxc1+ 21.Rxc1 e5 22.Nc6 Qe6 23.h3 Kf8
24.g4 Nd7 25.Ne1 Ndb6 26.Nc2 h5 27.Ne3 hxg4 28.hxg4 e4 29.Nd4 Qe5 30.Nxb5 Qh2+
31.Kf1 Bf4 32.Nd4 Re8 33.Rc6 exd3 34.exd3 Nb2 35.Ndf5 Bxf5 36.gxf5 N6a4 37.Qxd5 Qh4
38.Qd4 Nd1 39.Nxd1 Qh5 40.Ne3 Bxe3 41.fxe3 Qd1+ 42.Be1  1-0

[Event "AUT-chT3 9798"]
[Site "Vorarlberg "]
[Date "1998.01.09"]
[Round "6"]
[White "Mittelberger, Hermann"]
[Black "Hutter, Herbert"]
[Result "1/2-1/2"]
[WhiteElo "1881"]
[BlackElo "1669"]

1.Nf3 d5 2.c4 e6 3.b3 Nf6 4.Bb2 Be7 5.e3 b6 6.d4 Bb7 7.Bd3 Nbd7 8.O-O O-O
9.Nbd2 c5 10.Qe2 Bd6 11.Rfd1 Ne4 12.Ne5 f5 13.Ndf3 Bxe5 14.Nxe5 Nxe5 15.dxe5 Qh4
16.g3 Qh3 17.Qf1 Qxf1+ 18.Bxf1 Ng5 19.Bg2 Rfd8 20.f4 Ne4 21.Bxe4 dxe4 22.Rd6 Kf7
23.Rad1 Ke7  1/2-1/2

[Event "CRO-ch (Women)"]
[Site "Pula"]
[Date "1998.01.10"]
[Round "1"]
[White "Medic, Mirjana"]
[Black "Paraminski, Albina"]
[Result "1-0"]
[WhiteElo "2275"]
[BlackElo "2175"]

1.Nf3 d5 2.c4 c6 3.g3 Nf6 4.Bg2 dxc4 5.O-O Bf5 6.a4 Nbd7 7.Na3 g6 8.Nxc4 Bg7
9.d3 O-O 10.Bd2 Be6 11.Na5 Qb6 12.b4 Nd5 13.Nc4 Qd8 14.Rc1 Rc8 15.Ng5 Nc7
16.Na5 Rb8 17.b5 Ne5 18.bxc6 bxc6 19.f4 Qd4+ 20.Kh1 Nxd3 21.exd3 Qxd3 22.Nxe6 Nxe6
23.Nxc6 Rb2 24.Bc3 Qxd1 25.Rfxd1 Ra2 26.Nxe7+ Kh8 27.Bxg7+ Kxg7 28.Bd5 Rxa4
29.Bxe6 fxe6 30.Rc7 Kf6 31.Nc6 g5 32.fxg5+ Kxg5 33.Rxa7 Rc4 34.Nd4 Kg6 35.Nxe6 Rf2
36.Nf4+ Kh6 37.Rd6+ Kg5 38.Nh3+  1-0

[Event "Zagreb op"]
[Site "Zagreb"]
[Date "1998.01.10"]
[Round "8"]
[White "Teofilovic, Vjeran"]
[Black "Bukal, Vladimir Jr"]
[Result "1/2-1/2"]
[WhiteElo "2125"]
[BlackElo "2400"]

1.Nf3 d5 2.c4 c6 3.e3 Nf6 4.Nc3 a6 5.Qc2 b5 6.b3 e6 7.Bb2 Bd6 8.d4 O-O 9.Bd3 Nbd7
10.O-O bxc4 11.bxc4 dxc4 12.Bxc4 c5 13.Ne4 Nxe4 14.Qxe4 Rb8 15.dxc5 Nxc5
16.Qd4 f6 17.Rfd1 Be7 18.Qxd8 Rxd8 19.Ba3 Rxd1+ 20.Rxd1 Kf7 21.Nd4 Rb6 22.Nf5 Bf8
23.h3 Nb7 24.Bxf8 Kxf8 25.Nd4 Ke7 26.Rc1 Bd7 27.Kf1 a5 28.Bd3 g6 29.Ke2 e5
30.Nb3 a4 31.Nd2 Nd6 32.Rb1 Rxb1 33.Nxb1 Bc6 34.g3 Nb7 35.Kd2 Kd6 36.Kc3 Kc5
37.Nd2 Nd6 38.a3 Bd5 39.Bc2 Bc6 40.Bd3 Bd5 41.Bc2  1/2-1/2

[Event "Oberliga Wuert9798"]
[Site "Wuerttemberg"]
[Date "1998.01.11"]
[Round "6"]
[White "Raedeker, Bernd"]
[Black "Frolik, Erhard"]
[Result "1/2-1/2"]
[WhiteElo "2225"]
[BlackElo "2245"]

1.Nf3 d5 2.c4 c6 3.e3 Nf6 4.d4 a6 5.Nbd2 Bf5 6.Be2 h6 7.O-O e6 8.b3 Bd6 9.Bb2 Nbd7
10.Ne5 O-O 11.f4 Ne4 12.Nxe4 Bxe4 13.Bd3 Bxd3 14.Nxd3  1/2-1/2

[Event "Melbourne Black Opal"]
[Site "Melbourne"]
[Date "1998.01.14"]
[Round "3"]
[White "West, Guy"]
[Black "Byrne, Stewart"]
[Result "1-0"]
[WhiteElo "2410"]
[BlackElo "2280"]

1.Nf3 d5 2.c4 d4 3.g3 Nc6 4.Bg2 e5 5.d3 g6 6.O-O Bg7 7.Na3 Nge7 8.Qa4 O-O
9.Rb1 Bg4 10.h3 Bd7 11.b4 Qc8 12.b5 Nd8 13.Kh2 Re8 14.Qc2 a6 15.Ng5 axb5
16.cxb5 Ne6 17.Nc4 Nxg5 18.Bxg5 Be6 19.Bxe7 Rxe7 20.a4 Rb8 21.a5 Qd8 22.a6 Bd5
23.Bxd5 Qxd5 24.Na5 c6 25.axb7 cxb5 26.Qc8+ Re8 27.Nc6  1-0

[Event "CRO-ch06"]
[Site "Pula"]
[Date "1998.01.21"]
[Round "12"]
[White "Cebalo, Miso"]
[Black "Zaja, Ivan"]
[Result "1-0"]
[WhiteElo "2515"]
[BlackElo "2450"]

1.Nf3 d5 2.c4 c6 3.d4 Nf6 4.Nc3 e6 5.Bg5 h6 6.Bxf6 Qxf6 7.e3 Nd7 8.Bd3 dxc4
9.Bxc4 g6 10.O-O Bg7 11.Re1 O-O 12.Qc2 b6 13.e4 Bb7 14.e5 Qe7 15.a3 Rfd8
16.Rad1 Rac8 17.h4 b5 18.Ba2 c5 19.d5 c4 20.h5 exd5 21.hxg6 d4 22.gxf7+ Kf8
23.Qh7 Qxf7 24.e6 Nf6 25.Qf5 Qe7 26.Nxd4 Kg8 27.Qxb5 Rxd4 28.Rxd4 Rc5 29.Rd8+  1-0

[Event "Anibal op 5th"]
[Site "Linares"]
[Date "1998.01.26"]
[Round "7"]
[White "Frias, Victor J"]
[Black "Collas, Didier"]
[Result "1-0"]
[WhiteElo "2515"]
[BlackElo "2355"]

1.Nf3 d5 2.c4 e6 3.d4 Nf6 4.Nc3 Be7 5.Bg5 O-O 6.cxd5 Nxd5 7.Bxe7 Qxe7 8.Qc2 Nxc3
9.Qxc3 Re8 10.e3 c6 11.Be2 Nd7 12.Rd1 c5 13.Bb5 cxd4 14.Qxd4 f6 15.O-O Rd8
16.Qd6 Kf8 17.Bc4 Re8 18.Bxe6 Qxd6 19.Rxd6 Ne5 20.Nd4 Nf7 21.Bxf7 Kxf7 22.Rc1 Re7
23.Rd8  1-0

[Event "Europe vs Americas"]
[Site "Mermaid Beach"]
[Date "1998.01.26"]
[Round "1"]
[White "Fridman, Daniel"]
[Black "Benjamin, Joel"]
[Result "1/2-1/2"]
[WhiteElo "2520"]
[BlackElo "2595"]

1.Nf3 d5 2.c4 dxc4 3.e3 e6 4.Bxc4 c5 5.d4 a6 6.O-O Nf6 7.dxc5 Qxd1 8.Rxd1 Bxc5
9.b3 b5 10.Be2 Bb7 11.Bb2 Nbd7 12.Nbd2 Ke7 13.a4 bxa4 14.bxa4 Bd5 15.Rdc1 Rhc8
16.a5 Bb4 17.Rxc8 Rxc8 18.Bxa6 Ra8 19.Bc4 Rxa5 20.Rxa5 Bxa5 21.Bxd5 exd5
22.Ba3+ Ke8 23.Nb3 Bb6 24.Nfd4 Ne5 25.Bc5  1/2-1/2

[Event "Europe vs Americas"]
[Site "Mermaid Beach"]
[Date "1998.01.27"]
[Round "2"]
[White "Zamora, Jorge"]
[Black "Fridman, Daniel"]
[Result "0-1"]
[WhiteElo "2370"]
[BlackElo "2520"]

1.Nf3 d5 2.c4 d4 3.g3 Nc6 4.Bg2 e5 5.d3 Nf6 6.O-O Nd7 7.e4 Be7 8.Ne1 O-O
9.f4 exf4 10.Bxf4 Nc5 11.Na3 Be6 12.Rb1 g5 13.Bc1 a5 14.b3 Nb4 15.Qd2 f6
16.Kh1 Qd7 17.Nac2 Nxa2 18.Nf3 Nb4 19.Nfxd4 Ncxd3 20.Nxe6 Qxe6 21.Nd4 Qb6
22.Nf5 Bc5 23.h4 Rad8 24.Qe2 Nxc1 25.Rbxc1 Nd3 26.Rc3 Ne5 27.Qh5 g4 28.Nh6+ Kh8
29.Nxg4 Bd4 30.Nxe5 Bxe5 31.Rcf3 Rg8 32.Bh3 Rg7 33.Bf5 Qc6 34.Qh6 a4 35.bxa4 Qxc4
36.Qc1 Qxa4 37.h5 Rg5 38.g4 Qa2 39.R3f2 Qf7 40.Rd1 Rdg8 41.Qc2 Rxh5+ 42.gxh5 Qxh5+
43.Rh2 Bxh2  0-1

[Event "CZE-chT 9798"]
[Site "CZE"]
[Date "1998.02.07"]
[Round "6"]
[White "Jirovsky, Milos"]
[Black "Trichkov, Vasil"]
[Result "1-0"]
[WhiteElo "2435"]
[BlackElo "2350"]

1.Nf3 d5 2.c4 c6 3.Qc2 Nf6 4.d4 g6 5.Bf4 Bf5 6.Qb3 Qb6 7.c5 Qxb3 8.axb3 Nbd7
9.Nc3 a6 10.h3 Bg7 11.e3 O-O 12.Be2 Rfe8 13.Ne5 h6 14.g4 Bc2 15.Kd2 Bxb3
16.Ra3 Bc4 17.Bxc4 dxc4 18.Nxc4 Nd5 19.Bg3 e5 20.Nxd5 cxd5 21.Nxe5 Nxc5 22.dxc5 Bxe5
23.Bxe5 Rxe5 24.Rb3 Rc8 25.Rc1 Rc7 26.Kd3 Re6 27.Kd4 Rd7 28.Rb6 Re4+ 29.Kd3 Kf8
30.Rc3 Ra4 31.Rcb3 Rc4 32.Rxb7 Rxb7 33.Rxb7 Rxc5 34.b4 Rc1 35.Rb6 Ra1 36.Kd4 Ra2
37.f4 Ra3 38.h4 Kg7 39.Kxd5 Rxe3 40.Rxa6 Rb3 41.Kc4 Rg3 42.b5 Rxg4 43.b6 Rxf4+
44.Kc5 Rf5+ 45.Kc6 Rf6+ 46.Kc7 g5 47.hxg5 hxg5 48.Ra5 Rxb6 49.Kxb6 Kf6 50.Kc5 Ke5
51.Kc4+ Kf4 52.Kd3  1-0

[Event "Novak Nikolic mem 1st"]
[Site "Belgrade"]
[Date "1998.02.08"]
[Round "3"]
[White "Zontakh, Andrey"]
[Black "Maric, Dragan"]
[Result "1-0"]
[WhiteElo "2545"]
[BlackElo "2325"]

1.Nf3 d5 2.c4 d4 3.g3 Nc6 4.Bg2 e5 5.d3 Nf6 6.O-O Bc5 7.b4 Bxb4 8.Nxe5 Nxe5
9.Qa4+ Nc6 10.Bxc6+ bxc6 11.Qxb4 Bh3 12.Re1 Qd7 13.Nd2 h5 14.Nf3 h4 15.e3 O-O-O
16.Rb1 Qf5 17.Qb7+ Kd7 18.Nxd4 Qc5 19.Qa6 hxg3 20.fxg3  1-0

[Event "Novak Nikolic mem 1st"]
[Site "Belgrade"]
[Date "1998.02.14"]
[Round "9"]
[White "Mirkovic, Slobodan"]
[Black "Zhukova, Natalia"]
[Result "0-1"]
[WhiteElo "2380"]
[BlackElo "2395"]

1.Nf3 d5 2.c4 e6 3.d4 c5 4.cxd5 exd5 5.Nc3 Nc6 6.g3 c4 7.Bg2 Bb4 8.O-O Nge7
9.Bg5 f6 10.Bf4 O-O 11.Rc1 Bf5 12.Ne1 Qa5 13.Bd2 Bxc3 14.Bxc3 Qxa2 15.Ra1 Qb3
16.Qxb3 cxb3 17.Ra3 b5 18.Rxb3 Rfb8 19.Bb4 Nxb4 20.Rxb4 a5 21.Rb3 b4 22.Re3 Kf8
23.Nd3 a4 24.Ra1 a3 25.b3 Bxd3 26.Rxd3 f5 27.g4 Rc8 28.Kf1 g6 29.gxf5 gxf5
30.Ke1 Rc2 31.Kd1 Rac8 32.Rd2 R2c3 33.Rb1 Kf7 34.e3 Rg8 35.Bf1 Nc6 36.Rc2 Rxc2
37.Kxc2 Na5 38.Rd1 Rc8+ 39.Kb1 Nxb3 40.Bd3 Kf6 41.Ba6 Rc3 42.Rd3 a2+  0-1

[Event "Szeged TT02 IM"]
[Site "Szeged"]
[Date "1998.02.24"]
[Round "6"]
[White "Bogdan, Dan"]
[Black "Dupsky, Laszlo"]
[Result "1/2-1/2"]
[WhiteElo "2410"]
[BlackElo "2260"]

1.Nf3 d5 2.c4 e6 3.g3 c5 4.Bg2 Nc6 5.O-O Nf6 6.cxd5 exd5 7.d4 Be7 8.Nc3 O-O
9.h3 Ne4 10.dxc5 Bxc5 11.Na4 Bb6 12.Bf4 Be6 13.b3 Re8 14.Nxb6 Qxb6 15.Be3 Qa6
16.Qd3 Qxd3 17.exd3 Nc3 18.Bd2 Nb5 19.Rfd1 Rac8 20.Ng5 Ncd4 21.Nf3 Nxf3+
22.Bxf3 Rc2 23.Bg2 Rec8 24.g4 Rb2 25.Bc1 Re2 26.Bf3 Rec2 27.Kg2 b6 28.d4 Nc3
29.Rd2 Nb5 30.Rxc2 Rxc2 31.Bd1 Rc8 32.Be3 Na3 33.Rc1 Nb5 34.Rxc8+ Bxc8 35.a4 Nc3
36.Bf3 a5 37.Bd2 Ne4 38.Bf4 Ba6 39.Bxe4 dxe4 40.d5 Bd3 41.Bc7 Kf8 42.Bxb6 Bc2
43.Bxa5 Bxb3 44.Bb4+ Ke8 45.a5 Bxd5 46.Kg3 f6 47.Kf4 Kf7 48.a6 g5+ 49.Ke3 Ke6
50.Kd4 Ba8 51.Bd2 h6 52.Kc5 f5 53.Bc3 fxg4 54.hxg4 Kf7  1/2-1/2

[Event "CZE-chT 9798"]
[Site "CZE"]
[Date "1998.03.07"]
[Round "8"]
[White "Freisler, Pavel"]
[Black "Sluka, Radek"]
[Result "0-1"]
[WhiteElo "2340"]
[BlackElo "2380"]

1.Nf3 d5 2.c4 c6 3.g3 Nf6 4.Bg2 Bf5 5.cxd5 cxd5 6.Qb3 Qb6 7.Qxb6 axb6 8.Nc3 Bd7
9.d3 e6 10.Nd4 Bc5 11.Nb3 Bd6 12.e4 dxe4 13.dxe4 b5 14.a3 b4 15.axb4 Rxa1
16.Nxa1 Bxb4 17.Nc2 Ba5 18.O-O O-O 19.Bd2 Rd8 20.Ra1 Bc6 21.Bg5 Bxc3 22.bxc3 h6
23.Bf4 Na6 24.f3 Rd3 25.Be5 Nd7 26.Bd4 e5 27.Ne1 Rd2 28.Be3 Rb2 29.Bf1 Bb5
30.Nd3 Rb3 31.Rc1 Kh7 32.Kf2 f6 33.Rc2 Rb1 34.Be2 Bc4 35.Ne1 b5 36.Bxc4 bxc4
37.Ra2 Nac5 38.Ra7 Rb2+ 39.Kf1 Rxh2 40.Ng2 Rh1+ 41.Kf2 Rb1 42.Ne1 Rb2+ 43.Kf1 Rb7
44.Ra5 Rc7 45.Nc2 Nd3 46.Na3 Nb2 47.Ke2 Nf8 48.Nc2 h5 49.Nb4 Rd7 50.Ra2 Nd3
51.Nd5 Rb7 52.Nb6 Rxb6  0-1

[Event "AUT-chT 9798"]
[Site "Austria"]
[Date "1998.03.08"]
[Round "11"]
[White "Sader, Michael"]
[Black "Steflitsch, Erich"]
[Result "0-1"]
[WhiteElo "2280"]
[BlackElo "2305"]

1.Nf3 d5 2.c4 dxc4 3.e3 a6 4.Bxc4 e6 5.a3 b5 6.Be2 Bb7 7.b4 c5 8.bxc5 Bxc5
9.d4 Be7 10.a4 Nd7 11.O-O b4 12.a5 Ngf6 13.Bd2 O-O 14.Ra4 Rb8 15.Bd3 Bc6
16.Ra1 Bb5 17.Qe2 Bxd3 18.Qxd3 Rb5 19.Qe2 Rxa5 20.Rxa5 Qxa5 21.e4 Qa2 22.e5 Nd5
23.Qe4 Rc8 24.Qg4 Qc2 25.Bg5 Bf8 26.Nbd2 a5 27.h4 a4 28.Ne4 b3 29.Rc1 Qxc1+
30.Bxc1 Rxc1+ 31.Kh2 b2 32.Nfg5 b1=Q 33.Qh5 h6 34.Qxf7+ Kh8 35.Nf6 N5xf6
36.exf6 Qb8+ 37.g3 Nxf6  0-1

[Event "Clarin GP f"]
[Site "Villa Gisell"]
[Date "1998.03.13"]
[Round "7"]
[White "Soppe, Guillermo"]
[Black "Garcia Palermo, Carlos"]
[Result "1-0"]
[WhiteElo "2455"]
[BlackElo "2475"]

1.Nf3 d5 2.c4 c6 3.d4 Nf6 4.Nc3 a6 5.a4 g6 6.e3 Bg7 7.Be2 O-O 8.O-O Bg4 9.Qb3 Ra7
10.a5 e6 11.h3 Bxf3 12.Bxf3 Nbd7 13.Rd1 b5 14.axb6 Nxb6 15.c5 Nbd7 16.Qa4 Qc7
17.Qa5 Qb7 18.Be2 Rb8 19.Bd2 Ne8 20.Na2 Nc7 21.Nb4 e5 22.Qa4 exd4 23.exd4 Bxd4
24.Nxc6 Nxc5 25.Qxd4 Qxc6 26.Bc3 f6 27.Ra5 Nb5 28.Bxb5 Rxb5 29.Rxb5 axb5
30.Bb4 Na6 31.Qxa7 Nxb4 32.Qe7 Qc2 33.Ra1  1-0

[Event "New York op"]
[Site "New York"]
[Date "1998.03.16"]
[Round "1"]
[White "Schiller, Eric"]
[Black "Yakovich, Yuri"]
[Result "1-0"]
[WhiteElo "2205"]
[BlackElo "2570"]

1.Nf3 d5 2.c4 d4 3.g3 g6 4.b4 Bg7 5.Bb2 e5 6.d3 a5 7.b5 Ne7 8.Bg2 O-O 9.O-O c5
10.bxc6 Nexc6 11.Nbd2 Na6 12.Ne1 Be6 13.Nc2 Qd7 14.Ba3 Rfd8 15.Rb1 Rab8 16.Ne4 h6
17.Nc5 Nxc5 18.Bxc5 Bh3 19.Rb5 Bxg2 20.Kxg2 Re8 21.Qb1 e4 22.Bb6 exd3 23.exd3 Re5
24.Re1 Rbe8 25.Rbxe5 Rxe5 26.Rxe5 Nxe5 27.Qb5 Qg4 28.Nxd4 Nxd3 29.Qe8+ Bf8
30.Qe3 Bc5 31.Bxc5 Nxc5 32.Qe8+ Kg7 33.Qe5+  1-0

[Event "Hampstead GM"]
[Site "Hampstead"]
[Date "1998.03.31"]
[Round "9"]
[White "Dunnington, Angus J"]
[Black "Crouch, Colin S"]
[Result "1/2-1/2"]
[WhiteElo "2390"]
[BlackElo "2410"]

1.Nf3 d5 2.c4 c6 3.e3 Nf6 4.Nc3 g6 5.d4 Bg7 6.Bd3 O-O 7.O-O Bg4 8.h3 Bxf3
9.Qxf3 e6 10.Bd2 Nbd7 11.cxd5 Nxd5 12.Nxd5  1/2-1/2

[Event "Jagodina"]
[Site "Jagodina"]
[Date "1998.03.31"]
[Round "9"]
[White "Ostojic, Nikola"]
[Black "Pikula, Dejan"]
[Result "1/2-1/2"]
[WhiteElo "2440"]
[BlackElo "2440"]

1.Nf3 d5 2.c4 d4 3.g3 g6 4.Bg2 Bg7 5.O-O e5 6.d3 Nc6 7.Na3 Nge7 8.Nc2 a5
9.b3 O-O 10.Rb1 h6 11.a3 g5 12.b4 axb4 13.axb4 Ng6 14.b5 Nce7 15.Bb2 Bg4
16.Nd2 Qc8 17.Re1 Bh3 18.Bh1 f5 19.Ra1 Rb8 20.Ra7 f4  1/2-1/2